[Event "SVK-chT1E 0910"]
[Site "Slovakia"]
[Date "2009.11.14"]
[Round "3.2"]
[White "Madar, Martin"]
[Black "Svoboda, Miroslav"]
[Result "0-1"]
[WhiteElo "2163"]
[BlackElo "2036"]
[PlyCount "94"]
[EventDate "2009.10.17"]
[EventType "team"]
[EventRounds "11"]
[EventCountry "SVK"]
[SourceTitle "EXT 2011"]
[Source "ChessBase"]
[SourceDate "2010.11.26"]
[SourceVersion "1"]
[SourceVersionDate "2010.11.26"]
[SourceQuality "1"]
[WhiteTeam "Liptov"]
[BlackTeam "Kosice"]
[WhiteTeamCountry "SVK"]
[BlackTeamCountry "SVK"]

1. e4 e6 2. d3 d5 3. Qe2 dxe4 4. dxe4 b6 5. Nf3 Bb7 6. c3 Nd7 7. Bf4 Qf6 8. Bg3 e5 9. Nbd2 Ne7 10. Rd1 Ng6 11. Nc4 0-0-0 12. Qc2 h5 13. h4 Kb8 14. Ne3 Nc5 15. Rxd8+ Qxd8 16. Ng5 Qd7 17. b4 Ne6 18. Nxe6 Qxe6 19. Bc4 Qd7 20. 0-0 f6 21. Rd1 Bd6 22. f3 Ne7 23. a4 Rd8 24. Qa2 Qe8 25. Ra1 g6 26. a5 Qf8 27. axb6 axb6 28. Bf2 c6 29. Ba6 Nc8 30. Nc4 Qf7 31. Nxb6 Qxa2 32. Rxa2 Bxa6 33. Rxa6 Kb7 34. Ra8 Bc7 35. Rxc8 Rd1+ 36. Kh2 Bxb6 37. Bxb6 Kxc8 38. c4 Rc1 39. c5 Rb1 40. Ba5 Kd7 41. Kg3 Ke6 42. Kf2 Rb2+ 43. Kg3 f5 44. exf5+ gxf5 45. Kh3 Kd5 46. g4 fxg4+ 47. fxg4 Rb3+ 0-1

[Event "SVK-chT2D 0910"]
[Site "Slovakia"]
[Date "2009.11.08"]
[Round "4.1"]
[White "Svoboda, Miroslav"]
[Black "Kendi, Stefan"]
[Result "1-0"]
[WhiteElo "2036"]
[BlackElo "1987"]
[PlyCount "81"]
[EventDate "2009.10.10"]
[EventType "team"]
[EventRounds "11"]
[EventCountry "SVK"]
[SourceTitle "EXT 2011"]
[Source "ChessBase"]
[SourceDate "2010.11.26"]
[SourceVersion "1"]
[SourceVersionDate "2010.11.26"]
[SourceQuality "1"]
[WhiteTeam "Presov Tatran"]
[BlackTeam "Velke Kapusany"]
[WhiteTeamCountry "SVK"]
[BlackTeamCountry "SVK"]

1. e4 e6 2. d4 d5 3. Nc3 Nc6 4. Nf3 Nf6 5. Bd3 Bb4 6. e5 Ne4 7. Bd2 Nxd2 8. Qxd2 a6 9. Qf4 Qe7 10. 0-0 Bxc3 11. bxc3 Bd7 12. Rab1 Na5 13. Nd2 0-0 14. Qg3 c5 15. f4 c4 16. f5 f6 17. fxe6 cxd3 18. exd7 dxc2 19. Rbc1 fxe5 20. dxe5 Qxd7 21. Rxc2 Rxf1+ 22. Nxf1 Nc4 23. Re2 Qe6 24. Nd2 Rf8 25. Nf3 Re8 26. Nd4 Qb6 27. e6 Nd6 28. h3 Ne4 29. Qe5 Nf6 30. Kh2 Qc5 31. Nf5 b5 32. e7 Qc6 33. Nd6 Qd7 34. Nxe8 Nxe8 35. Rf2 h6 36. Rf8+ Kh7 37. Qb8 Qxe7 38. Rxe8 Qf7 39. Rh8+ Kg6 40. Qg3+ Kf6 41. Qd6+ 1-0

[Event "SVK-chT2D 0910"]
[Site "Slovakia"]
[Date "2009.11.07"]
[Round "3.23"]
[White "Mertens, Tomas"]
[Black "Svoboda, Miroslav"]
[Result "1-0"]
[WhiteElo "2072"]
[BlackElo "2036"]
[PlyCount "91"]
[EventDate "2009.10.10"]
[EventType "team"]
[EventRounds "11"]
[EventCountry "SVK"]
[SourceTitle "EXT 2011"]
[Source "ChessBase"]
[SourceDate "2010.11.26"]
[SourceVersion "1"]
[SourceVersionDate "2010.11.26"]
[SourceQuality "1"]
[WhiteTeam "Michalovce Zemplin II"]
[BlackTeam "Presov Tatran"]
[WhiteTeamCountry "SVK"]
[BlackTeamCountry "SVK"]

1. e4 e6 2. d4 d5 3. Nc3 Nf6 4. Bg5 Bb4 5. e5 h6 6. Be3 Ne4 7. Qg4 Kf8 8. Bd3 Nxc3 9. a3 Na2+ 10. Bd2 Bxd2+ 11. Kxd2 b6 12. Rxa2 c5 13. c3 Ba6 14. Ne2 cxd4 15. Nxd4 Bxd3 16. Kxd3 Qc7 17. Nf3 Nd7 18. Qd4 Nc5+ 19. Ke2 a5 20. Rd1 Ke7 21. b4 Nb3 22. Qe3 Rhc8 23. Rc2 axb4 24. axb4 Na1 25. Rcc1 Ra2+ 26. Kf1 Nb3 27. Rb1 Rc2 28. Rd3 Qc4 29. Ke1 Rxc3 30. Rxc3 Qxc3+ 31. Qxc3 Rxc3 32. Ke2 f6 33. Rb2 Kd7 34. h4 Kc6 35. Rxb3 Rxb3 36. Nd4+ Kd7 37. Nxb3 fxe5 38. Kd3 Kc6 39. Nd2 Kb5 40. Kc3 Ka4 41. Nf3 d4+ 42. Kc4 b5+ 43. Kc5 d3 44. Nd2 g5 45. hxg5 hxg5 46. g4 1-0

[Event "SVK-chT1E 0910"]
[Site "Slovakia"]
[Date "2009.10.17"]
[Round "1.3"]
[White "Svoboda, Miroslav"]
[Black "Jendrichovsky, Peter"]
[Result "1/2-1/2"]
[WhiteElo "2036"]
[BlackElo "2156"]
[PlyCount "64"]
[EventDate "2009.10.17"]
[EventType "team"]
[EventRounds "11"]
[EventCountry "SVK"]
[SourceTitle "EXT 2011"]
[Source "ChessBase"]
[SourceDate "2010.11.26"]
[SourceVersion "1"]
[SourceVersionDate "2010.11.26"]
[SourceQuality "1"]
[WhiteTeam "Kosice"]
[BlackTeam "Sabinov"]
[WhiteTeamCountry "SVK"]
[BlackTeamCountry "SVK"]

1. e4 c5 2. Nf3 Nc6 3. Bb5 g6 4. Bxc6 dxc6 5. 0-0 Bg7 6. Nc3 Bg4 7. d3 e5 8. h3 Bxf3 9. Qxf3 Nf6 10. a4 a5 11. b3 0-0 12. Bb2 Ne8 13. Qe3 b6 14. Nb1 Nc7 15. Na3 Ne6 16. Nc4 Qc7 17. Bc3 Rad8 18. Nd2 h5 19. g3 Kh7 20. Nf3 f6 21. h4 Nd4 22. Bxd4 exd4 23. Qe2 Bh6 24. Rfe1 f5 25. e5 f4 26. Qe4 Rf5 27. Kg2 fxg3 28. fxg3 Be3 29. Rf1 Kg8 30. Rae1 Re8 31. c3 Re6 32. Re2 Qd7 1/2-1/2

[Event "Brezova op"]
[Site "Brezova pod Bradlom"]
[Date "2009.08.27"]
[Round "7"]
[White "Brisudova, Veronika"]
[Black "Svoboda, Miroslav"]
[Result "1/2-1/2"]
[WhiteElo "1749"]
[BlackElo "1991"]
[PlyCount "77"]
[EventDate "2009.08.22"]
[EventType "swiss"]
[EventRounds "9"]
[EventCountry "SVK"]
[SourceTitle "CBM 132 Extra"]
[Source "ChessBase"]
[SourceDate "2009.11.03"]
[SourceVersion "1"]
[SourceVersionDate "2009.11.03"]
[SourceQuality "1"]

1. e4 e6 2. d4 d5 3. Nd2 Nf6 4. e5 Nfd7 5. f4 c5 6. c3 Nc6 7. Ndf3 cxd4 8. cxd4 f6 9. Ne2 Nb6 10. g3 fxe5 11. fxe5 Bb4+ 12. Nc3 0-0 13. Bg2 Nc4 14. 0-0 Bd7 15. Ne2 b5 16. a3 Be7 17. b3 Nb6 18. Bh3 a5 19. Nf4 Qc8 20. Be3 a4 21. b4 Nc4 22. Qe2 Bd8 23. Kh1 Ne7 24. Rac1 Nf5 25. Bxf5 Rxf5 26. Qd3 Be8 27. g4 Rf8 28. Rf2 g5 29. Nh5 Bg6 30. Qe2 Be4 31. Ng3 Bxf3+ 32. Rxf3 Rxf3 33. Qxf3 Be7 34. Nh5 Qf8 35. Qe2 Qe8 36. Rf1 Qg6 37. Bc1 Rf8 38. Re1 h6 39. Kg1 1/2-1/2

[Event "Brezova op"]
[Site "Brezova pod Bradlom"]
[Date "2009.08.26"]
[Round "6"]
[White "Svoboda, Miroslav"]
[Black "Janko, Michal"]
[Result "0-1"]
[WhiteElo "1991"]
[BlackElo "2186"]
[PlyCount "98"]
[EventDate "2009.08.22"]
[EventType "swiss"]
[EventRounds "9"]
[EventCountry "SVK"]
[SourceTitle "CBM 132 Extra"]
[Source "ChessBase"]
[SourceDate "2009.11.03"]
[SourceVersion "1"]
[SourceVersionDate "2009.11.03"]
[SourceQuality "1"]

1. e4 e6 2. d4 d5 3. Nc3 Bb4 4. e5 c5 5. a3 Bxc3+ 6. bxc3 Qa5 7. Bd2 Qa4 8. Qb1 c4 9. Ne2 Nc6 10. f4 Nge7 11. Qd1 Bd7 12. Ng3 g6 13. Be2 0-0-0 14. 0-0 h5 15. h4 Rdf8 16. Bf3 f6 17. Rb1 Rh7 18. Rb2 Ng8 19. Qb1 b6 20. f5 gxf5 21. exf6 Nxf6 22. Bf4 Rg8 23. Bg5 Ne4 24. Bxe4 dxe4 25. Ne2 Rhg7 26. Nf4 Rxg5 27. hxg5 Rxg5 28. d5 exd5 29. Nxd5 Qa5 30. Rb5 Qxa3 31. Qe1 Qd6 32. Nf4 Ne5 33. Rd5 Qe7 34. Qe3 Bc6 35. Rdd1 Kb7 36. Nh3 Rg7 37. Rxf5 Nf3+ 38. Kh1 Rxg2 39. Rxf3 Rg4 40. Rg3 Qh4 41. Kh2 Qf6 42. Qd4 Qf5 43. Qd6 a5 44. Rdg1 e3 45. Qe7+ Ka6 46. Qxe3 Re4 47. Qg5 Re2+ 48. R1g2 Qxg5 49. Nxg5 Rxg2+ 0-1

[Event "Brezova op"]
[Site "Brezova pod Bradlom"]
[Date "2009.08.24"]
[Round "4"]
[White "Maslikova, Veronika"]
[Black "Svoboda, Miroslav"]
[Result "1/2-1/2"]
[WhiteElo "2187"]
[BlackElo "1991"]
[PlyCount "144"]
[EventDate "2009.08.22"]
[EventType "swiss"]
[EventRounds "9"]
[EventCountry "SVK"]
[SourceTitle "CBM 132 Extra"]
[Source "ChessBase"]
[SourceDate "2009.11.03"]
[SourceVersion "1"]
[SourceVersionDate "2009.11.03"]
[SourceQuality "1"]

1. e4 e6 2. d4 d5 3. Nd2 Nf6 4. e5 Nfd7 5. Bd3 c5 6. c3 Nc6 7. Ne2 cxd4 8. cxd4 f6 9. exf6 Nxf6 10. 0-0 Bd6 11. Nf3 Qc7 12. Bg5 0-0 13. Rc1 Bd7 14. a3 a6 15. Qc2 Be8 16. Ng3 h6 17. Bd2 Nh5 18. Bg6 Nxg3 19. hxg3 Bxg6 20. Qxg6 Qf7 21. Qxf7+ Rxf7 22. Rfe1 Re8 23. Bc3 g5 24. Rcd1 Kg7 25. Nh2 h5 26. Nf1 Kg6 27. Rd2 Bc7 28. Ne3 Rc8 29. Nc2 Re7 30. Ne3 Kf6 31. Rde2 Bd6 32. b4 Na7 33. Bb2 Nb5 34. a4 Nc3 35. Bxc3 Rxc3 36. Rb2 Rd3 37. Nc2 Rd2 38. Kf1 Bxb4 39. Rxb4 Rxc2 40. Reb1 Rc4 41. Rxc4 dxc4 42. Ke2 e5 43. Ke3 Rc7 44. Rb6+ Kf5 45. Rb1 c3 46. dxe5 c2 47. Rc1 Rc4 48. Kd3 Rxa4 49. Rxc2 Kxe5 50. Rc5+ Kf6 51. Rc7 Rb4 52. Kc3 a5 53. Rh7 Kg6 54. Rd7 b6 55. Rd6+ Kf5 56. Rh6 Kg4 57. Rg6 h4 58. gxh4 Kxh4 59. Rd6 b5 60. Rc6 Rb1 61. Kc2 Rb4 62. Kc3 Kg4 63. Rc5 Kf4 64. g3+ Kg4 65. f3+ Kxg3 66. Rxg5+ Kxf3 67. Rf5+ Ke4 68. Rc5 Kf4 69. Rh5 Rc4+ 70. Kd3 Rb4 71. Kc3 Kf3 72. Rc5 Ke2 1/2-1/2

[Event "SVK-chT1E 0809"]
[Site "Slovakia"]
[Date "2009.03.08"]
[Round "11.3"]
[White "Svoboda, Miroslav"]
[Black "Dobes, Milan"]
[Result "1-0"]
[WhiteElo "1921"]
[BlackElo "2060"]
[PlyCount "74"]
[EventDate "2008.10.18"]
[EventType "team-tourn"]
[EventRounds "11"]
[EventCountry "SVK"]
[SourceTitle "EXT 2010"]
[Source "ChessBase"]
[SourceDate "2010.11.25"]
[SourceVersion "1"]
[SourceVersionDate "2010.11.25"]
[SourceQuality "1"]
[WhiteTeam "Presov Tatran"]
[BlackTeam "Rajecke Teplice"]
[WhiteTeamCountry "SVK"]
[BlackTeamCountry "SVK"]

1. e4 e6 2. d4 d5 3. Nc3 Bb4 4. e5 c5 5. a3 Bxc3+ 6. bxc3 Ne7 7. Qg4 h5 8. Qxg7 Rg8 9. Qh7 Nbc6 10. Nf3 Qc7 11. Ng5 Rf8 12. Qxh5 cxd4 13. Nh7 Nxe5 14. Bb5+ Bd7 15. Bxd7+ Nxd7 16. 0-0 Rg8 17. cxd4 Qxc2 18. Ng5 Qg6 19. Qf3 Rc8 20. h4 Nf5 21. Re1 Nxd4 22. Qxd5 Nc2 23. Bf4 Nxe1 24. Qxb7 Nd3 25. Qxc8+ Ke7 26. Qc7 Nxf4 27. Qxf4 f6 28. Rd1 fxg5 29. Qd6+ Kf6 30. Qxd7 gxh4 31. Qd4+ Kf5 32. Qd3+ Kf6 33. Qc3+ Kf5 34. Qf3+ Kg5 35. Rd4 Qf5 36. Qe3+ Kh5 37. Re4 Rg5 1-0

[Event "SVK-chT1E 0809"]
[Site "Slovakia"]
[Date "2009.02.08"]
[Round "9.1"]
[White "Rajnak, Daniel"]
[Black "Svoboda, Miroslav"]
[Result "1/2-1/2"]
[WhiteElo "2198"]
[BlackElo "1921"]
[PlyCount "116"]
[EventDate "2008.10.18"]
[EventType "team-tourn"]
[EventRounds "11"]
[EventCountry "SVK"]
[SourceTitle "EXT 2010"]
[Source "ChessBase"]
[SourceDate "2010.11.25"]
[SourceVersion "1"]
[SourceVersionDate "2010.11.25"]
[SourceQuality "1"]
[WhiteTeam "Kosice Slavia UPJS II"]
[BlackTeam "Presov Tatran"]
[WhiteTeamCountry "SVK"]
[BlackTeamCountry "SVK"]

1. d4 Nf6 2. Nf3 g6 3. Bg5 Bg7 4. Nbd2 d5 5. e3 0-0 6. c4 Ne4 7. Bh4 c5 8. Nb3 Nc6 9. cxd5 Qxd5 10. dxc5 Qxd1+ 11. Rxd1 Bxb2 12. Bd3 Bc3+ 13. Ke2 Nf6 14. Rc1 Be5 15. Nxe5 Nxe5 16. Bb1 Be6 17. Rhd1 Rfd8 18. Nd4 Bd5 19. f3 Rac8 20. e4 Bc4+ 21. Ke3 Rxc5 22. Bg3 Rdc8 23. Nb3 Bxb3 24. Rxc5 Rxc5 25. axb3 Nc6 26. Be1 a5 27. Bd3 e5 28. Ra1 b6 29. Rb1 Nb4 30. Bxb4 axb4 31. Kd2 Rc3 32. Bc4 Nd7 33. Rc1 Rxc1 34. Kxc1 Nc5 35. Kd2 Kf8 36. Ke3 Ke7 37. g3 g5 38. g4 f6 39. Bg8 h6 40. Bc4 Kd6 41. Bf7 b5 42. Bg8 Nd7 43. Bd5 Nf8 44. Bf7 Ke7 45. Bd5 Ng6 46. Bc6 Nf4 47. Bxb5 Kd6 48. Be8 Ne6 49. Bf7 Nd4 50. Bg8 Kc5 51. Bf7 Nc2+ 52. Kd2 Na3 53. Ke3 Nb5 54. Bg8 Nc3 55. Be6 Nd1+ 56. Ke2 Nc3+ 57. Ke3 Nb5 58. Bg8 Nd4 1/2-1/2

[Event "SVK-chT1E 0809"]
[Site "Slovakia"]
[Date "2008.12.13"]
[Round "5.1"]
[White "Svoboda, Miroslav"]
[Black "Foglar, Ivan"]
[Result "0-1"]
[WhiteElo "1921"]
[BlackElo "2036"]
[PlyCount "87"]
[EventDate "2008.10.18"]
[EventType "team-tourn"]
[EventRounds "11"]
[EventCountry "SVK"]
[SourceTitle "EXT 2010"]
[Source "ChessBase"]
[SourceDate "2010.11.25"]
[SourceVersion "1"]
[SourceVersionDate "2010.11.25"]
[SourceQuality "1"]
[WhiteTeam "Presov Tatran"]
[BlackTeam "Margecany OSK"]
[WhiteTeamCountry "SVK"]
[BlackTeamCountry "SVK"]

1. e4 e5 2. Nf3 Nc6 3. Bb5 Nf6 4. 0-0 Bc5 5. Nc3 Nd4 6. Nxe5 0-0 7. Nf3 Nxb5 8. Nxb5 Nxe4 9. d3 Nf6 10. d4 Bb6 11. Bg5 d5 12. Nc3 Bg4 13. Bxf6 gxf6 14. Qd3 c6 15. Ne2 Bc7 16. Ng3 Kh8 17. h3 Be6 18. Nh4 Rg8 19. Ngf5 Qd7 20. g4 Bf4 21. f3 Rg5 22. Kf2 Qc7 23. Rfe1 b6 24. c3 Rag8 25. Rg1 c5 26. Rae1 c4 27. Qc2 b5 28. a3 a5 29. Re2 Rb8 30. Rge1 Qd7 31. Nh6 Rb6 32. Ng2 Qc7 33. Nxf7+ Bxf7 34. Re7 Bg3+ 35. Kf1 Bg6 36. Qd1 Bd3+ 37. Kg1 Bh2+ 38. Kh1 Qg3 39. Nf4 Qxf4 40. Re8+ Rg8 41. Rxg8+ Kxg8 42. Re8+ Kf7 43. Qe1 Qxf3+ 44. Kxh2 0-1

[Event "SVK-chT1E 0809"]
[Site "Slovakia"]
[Date "2008.11.22"]
[Round "3.2"]
[White "Tatarko, Tomas"]
[Black "Svoboda, Miroslav"]
[Result "0-1"]
[WhiteElo "2043"]
[BlackElo "1921"]
[PlyCount "100"]
[EventDate "2008.10.18"]
[EventType "team-tourn"]
[EventRounds "11"]
[EventCountry "SVK"]
[SourceTitle "EXT 2010"]
[Source "ChessBase"]
[SourceDate "2010.11.25"]
[SourceVersion "1"]
[SourceVersionDate "2010.11.25"]
[SourceQuality "1"]
[WhiteTeam "Sabinov"]
[BlackTeam "Presov Tatran"]
[WhiteTeamCountry "SVK"]
[BlackTeamCountry "SVK"]

1. e4 e6 2. d4 d5 3. e5 c5 4. c3 Ne7 5. Nf3 Nd7 6. Bd3 Nc6 7. 0-0 Qb6 8. Bc2 Be7 9. b3 cxd4 10. cxd4 Nb4 11. Bb2 Nxc2 12. Qxc2 f6 13. exf6 Nxf6 14. Nc3 0-0 15. Na4 Qd6 16. Rfe1 Ng4 17. h3 Rxf3 18. hxg4 Rf6 19. Bc1 Rg6 20. Qe2 b6 21. g3 a5 22. Bf4 Qd8 23. Rac1 Ba6 24. Qe5 Bb4 25. Red1 Bb5 26. Rc7 Bxa4 27. bxa4 Rc8 28. Rdc1 Rxc7 29. Rxc7 Qe8 30. Rb7 Qxa4 31. Rb8+ Bf8 32. Rxb6 Qd1+ 33. Kg2 Qxg4 34. Ra6 Rf6 35. Rxa5 h5 36. Qg5 Qe2 37. Qe5 Qc2 38. Qg5 Qd1 39. Qe5 h4 40. Qe3 h3+ 41. Kxh3 Qh1+ 42. Kg4 g6 43. Qe5 Kf7 44. Ra7+ Be7 45. Qxf6+ Kxf6 46. Bg5+ Kf7 47. Rxe7+ Kf8 48. Rxe6 Qd1+ 49. Kh3 Qh5+ 50. Bh4 Qf5+ 0-1

[Event "SVK-chT1E 0809"]
[Site "Slovakia"]
[Date "2008.10.18"]
[Round "1.1"]
[White "Trebula, Jozef"]
[Black "Svoboda, Miroslav"]
[Result "0-1"]
[WhiteElo "2079"]
[BlackElo "1921"]
[PlyCount "70"]
[EventDate "2008.10.18"]
[EventType "team-tourn"]
[EventRounds "11"]
[EventCountry "SVK"]
[SourceTitle "EXT 2010"]
[Source "ChessBase"]
[SourceDate "2010.11.25"]
[SourceVersion "1"]
[SourceVersionDate "2010.11.25"]
[SourceQuality "1"]
[WhiteTeam "Banska Bystrica TH junior"]
[BlackTeam "Presov Tatran"]
[WhiteTeamCountry "SVK"]
[BlackTeamCountry "SVK"]

1. e4 e6 2. d4 d5 3. Nd2 Nf6 4. e5 Nfd7 5. Bd3 c5 6. c3 Nc6 7. Ne2 cxd4 8. cxd4 f6 9. exf6 Nxf6 10. 0-0 Bd6 11. Nf3 0-0 12. Bg5 Bd7 13. Nc3 Rc8 14. Re1 Qb6 15. Qd2 Na5 16. Ne5 Bxe5 17. dxe5 Ng4 18. Bh4 Nc4 19. Bxc4 Rxc4 20. Bg3 Nh6 21. Rad1 Nf5 22. Qe2 Be8 23. Rd2 Bg6 24. Qd1 Rc7 25. Qg4 Rfc8 26. Red1 Rc4 27. Qe2 d4 28. Ne4 d3 29. Qe1 Rxe4 30. Qxe4 Nxg3 31. Qg4 Ne4 32. Rxd3 Nxf2 33. Rd8+ Rxd8 34. Rxd8+ Qxd8 35. Kxf2 Qd2+ 0-1

[Event "SVK-ch U16"]
[Site "Liptovsky Mikulas"]
[Date "2007.04.25"]
[Round "6"]
[White "Nagy, Attila4444"]
[Black "Svoboda, Miroslav"]
[Result "1/2-1/2"]
[WhiteElo "1793"]
[BlackElo "1871"]
[PlyCount "62"]
[EventDate "2007.04.22"]
[EventType "swiss"]
[EventRounds "9"]
[EventCountry "SVK"]
[SourceTitle "EXT 2008"]
[Source "ChessBase"]
[SourceDate "2007.11.25"]
[SourceVersion "1"]
[SourceVersionDate "2007.11.25"]
[SourceQuality "1"]

1. e4 e6 2. d4 d5 3. exd5 exd5 4. Bd3 Nf6 5. Bg5 Be6 6. Nf3 h6 7. Bh4 Bd6 8. Nbd2 Nbd7 9. c3 c6 10. Qc2 Qc7 11. Bg3 0-0 12. Bxd6 Qxd6 13. 0-0 b6 14. Rfe1 Rfe8 15. Ne5 c5 16. Nxd7 Qxd7 17. b3 cxd4 18. cxd4 Rac8 19. Qb2 Bf5 20. Rxe8+ Rxe8 21. Bxf5 Qxf5 22. Nf3 Qe6 23. Kf1 Qc8 24. Re1 Ne4 25. Re3 Qa6+ 26. Qe2 Qa3 27. Qc2 Qa6+ 28. Qe2 Qc8 29. Qb2 Re6 30. Nd2 Nxd2+ 31. Qxd2 Rxe3 1/2-1/2

[Event "Tatranska Lesna op"]
[Site "Tatranska Lesna"]
[Date "2006.06.28"]
[Round "5"]
[White "Solar, Andrej"]
[Black "Svoboda, Miroslav"]
[Result "0-1"]
[WhiteElo "1719"]
[BlackElo "1887"]
[PlyCount "60"]
[EventDate "2006.06.24"]
[EventType "swiss"]
[EventRounds "7"]
[EventCountry "SVK"]
[SourceTitle "EXT 2008"]
[Source "ChessBase"]
[SourceDate "2007.11.25"]
[SourceVersion "1"]
[SourceVersionDate "2007.11.25"]
[SourceQuality "1"]

1. e4 e6 2. d4 c5 3. c3 d5 4. Nd2 Nc6 5. Bb5 Qb6 6. Bxc6+ bxc6 7. Ne2 Ba6 8. exd5 cxd5 9. Nb3 Nf6 10. f3 Bxe2 11. Qxe2 c4 12. Nd2 Bd6 13. 0-0 0-0 14. b3 e5 15. Qf2 exd4 16. cxd4 c3 17. Nb1 Rac8 18. Na3 Rfe8 19. Nc2 Qa6 20. Ne3 Bf4 21. Rd1 Qb5 22. Kh1 Re6 23. Re1 Qd3 24. Nc2 Qxc2 25. Qf1 Rxe1 26. Qxe1 Re8 27. Qxe8+ Nxe8 28. Bxf4 Qb2 29. Re1 Nf6 30. g4 h6 0-1

[Event "Tatranska Lesna op"]
[Site "Tatranska Lesna"]
[Date "2006.06.26"]
[Round "3"]
[White "Tvrdon, Radek"]
[Black "Svoboda, Miroslav"]
[Result "1-0"]
[WhiteElo "1444"]
[BlackElo "1887"]
[PlyCount "83"]
[EventDate "2006.06.24"]
[EventType "swiss"]
[EventRounds "7"]
[EventCountry "SVK"]
[SourceTitle "EXT 2008"]
[Source "ChessBase"]
[SourceDate "2007.11.25"]
[SourceVersion "1"]
[SourceVersionDate "2007.11.25"]
[SourceQuality "1"]

1. e4 e5 2. Nf3 Nc6 3. Nc3 Nf6 4. Bb5 d6 5. d4 exd4 6. Nxd4 Bd7 7. Nxc6 Bxc6 8. Bxc6+ bxc6 9. 0-0 Be7 10. Bg5 0-0 11. Re1 Re8 12. Bxf6 Bxf6 13. Qd3 Rb8 14. b3 d5 15. exd5 cxd5 16. Rad1 d4 17. Ne4 c5 18. Nxf6+ Qxf6 19. Qb5 Rxe1+ 20. Rxe1 Qd6 21. Re8+ Rxe8 22. Qxe8+ Qf8 23. Qxf8+ Kxf8 24. Kf1 Ke7 25. Ke2 Kd6 26. Kd3 Kd5 27. f3 f6 28. g3 g6 29. h3 h6 30. c3 f5 31. cxd4 cxd4 32. f4 h5 33. b4 h4 34. gxh4 Kc6 35. Kxd4 Kb5 36. Ke5 Kxb4 37. Kf6 Ka3 38. Kxg6 Kxa2 39. h5 Kb3 40. h6 a5 41. h7 a4 42. h8Q 1-0

[Event "SVK-ch U14"]
[Site "Brezova pod Bradlom"]
[Date "2006.03.08"]
[Round "6"]
[White "Svoboda, Miroslav"]
[Black "Ziak, David"]
[Result "1-0"]
[WhiteElo "1550"]
[BlackElo "1439"]
[PlyCount "35"]
[EventDate "2006.03.05"]
[EventType "swiss"]
[EventRounds "9"]
[EventCountry "SVK"]
[SourceTitle "EXT 2008"]
[Source "ChessBase"]
[SourceDate "2007.11.25"]
[SourceVersion "1"]
[SourceVersionDate "2007.11.25"]
[SourceQuality "1"]

1. e4 e5 2. Nf3 Nc6 3. Bc4 Bc5 4. Nc3 Nf6 5. 0-0 0-0 6. d3 d6 7. Bg5 Re8 8. Nd5 Bg4 9. c3 Na5 10. Bxf6 gxf6 11. b4 Nxc4 12. bxc5 Na5 13. cxd6 Qxd6 14. Ne3 Bh5 15. Nf5 Qd7 16. Qd2 Bg6 17. N3h4 Nc6 18. Qh6 1-0

[Event "SVK-ch U14"]
[Site "Brezova pod Bradlom"]
[Date "2006.03.07"]
[Round "4"]
[White "Svoboda, Miroslav"]
[Black "Baksa, Milan"]
[Result "1-0"]
[WhiteElo "1550"]
[BlackElo "1489"]
[PlyCount "53"]
[EventDate "2006.03.05"]
[EventType "swiss"]
[EventRounds "9"]
[EventCountry "SVK"]
[SourceTitle "EXT 2008"]
[Source "ChessBase"]
[SourceDate "2007.11.25"]
[SourceVersion "1"]
[SourceVersionDate "2007.11.25"]
[SourceQuality "1"]

1. e4 e5 2. Nf3 Nc6 3. Bb5 d6 4. c3 Bd7 5. 0-0 Nf6 6. Re1 g6 7. d4 exd4 8. cxd4 Bg7 9. Nc3 0-0 10. Bg5 Ne7 11. e5 Nh5 12. exd6 Re8 13. dxe7 Qc8 14. Bc4 h6 15. Bh4 Bg4 16. h3 Bxh3 17. gxh3 Qxh3 18. Re4 Nf6 19. Bxf6 Bxf6 20. Nd5 Qf5 21. Rf4 Qh3 22. Nxf6+ Kg7 23. Nxe8+ Rxe8 24. Rxf7+ Kh8 25. Ne5 Kg8 26. Rf3+ Kg7 27. Rxh3 1-0